00381nam a2200121Ia 4500008004100000020002200041041000800063082002900071100003100100245007900131260004000210300000900250230411s9999 xx 000 0 und d a978-93-80108-41-4 aeng aF/610.724/SCH/BRO/B05814 aSchmidt Nola & Brown Janet aEvidence Based Practice for Nurses : Appraisal and application of research bJones and BartlettaNew Delhic2010 a434p